Ocenka i optimizacija charakteristik sistem obrabotki dannych /

Na minha lista:
Detalhes bibliográficos
Autor principal: Balyberdin, Valerij Aleksejevič (Author)
Formato: Livro
Publicado em: Moskva : Radio i svjaz, 1987
Tags: Adicionar Tag
Sem tags, seja o primeiro a adicionar uma tag!

MARC

LEADER 00000nam a22000003a 4500
001 stu20182
005 20150617225751.7
008 ------s1987----xxr---------------------d
040 |a STU  |b slo 
041 0
044 |a xxr 
080 |a 681.324 
100 1 |a Balyberdin, Valerij Aleksejevič  |4 aut 
245 1 |a Ocenka i optimizacija charakteristik sistem obrabotki dannych /  |c [aut.]Balyberdin,Valerij Aleksejevič 
260 |a Moskva :  |b Radio i svjaz,  |c 1987 
300 |a 176 s :  |b Grafy,lit 
996 |b C79579  |c C*79579  |l CCVI  |s P  |a 0  |w stu20182_0001